| 000 | 00526nam a2200229Ia 4500 | ||
|---|---|---|---|
| 008 | 170918s9999 xx 000 0 und d | ||
| 020 | _a9780545152938 | ||
| 050 | _bT447 2010 | ||
| 100 | _aLerangis, Peter | ||
| 245 | 4 | _aThe viper's nest / | |
| 245 | _cby Peter Lerangis. | ||
| 250 | _aFirst edition. | ||
| 260 | _aNew York : | ||
| 260 | _bScholastic, | ||
| 260 | _c2010 | ||
| 300 | _a190 pages : | ||
| 300 | _billustrations ; | ||
| 300 | _c20cm. | ||
| 300 | _eThe 39 clues ; | ||
| 440 | _a7 | ||
| 500 | _a590 | ||
| 999 |
_c343354 _d343354 |
||